| 000 | 00654nam a2200205 a 4500 | ||
|---|---|---|---|
| 001 | 000046404 | ||
| 003 | DO-SdBNP | ||
| 005 | 20171213114603.0 | ||
| 008 | 150810s2000 dr ac 000 0 spa d | ||
| 040 |
_aBPMSU _bspa _cBPMSU |
||
| 092 |
_axxxx _bxxxx |
||
| 245 | 0 | 0 |
_a¡Atrevernos! : _ba construir lo diferente; lineamientos fundamentales / _cLuis Schéker Ortiz... [et. al.]. |
| 260 |
_aSanto Domingo : _bDe Colores, _c2000. |
||
| 300 |
_a50 p. : _bil., retrs. ; _c19 cm. |
||
| 700 | 1 | 2 | _aSchéker Ortiz, Luis |
| 700 | 1 | 2 | _aLópez, Junio |
| 942 |
_2ddc _cBK |
||
| 945 | _aInventariado extranjero 2017/ YL | ||
| 956 |
_aVMATEO _b10 _c20170223 _lBPMSU _h0069 |
||
| 999 |
_c12557 _d12557 |
||